| 000 | 00440nam a22001817a 4500 | ||
|---|---|---|---|
| 005 | 20180202104332.0 | ||
| 008 | 160523b xxu||||| |||| 00| 0 eng d | ||
| 020 | _a978-81-7758-165-2 | ||
| 041 | _aeng | ||
| 082 |
_b4400 _a004.6 |
||
| 100 |
_aTanenbaum A.S. _91079 |
||
| 245 | _acomputer Networks | ||
| 250 | _a4th ed. | ||
| 260 |
_aNew Delhi _bpearson education |
||
| 300 | _a891 | ||
| 650 |
_aInformation Technology _9137 |
||
| 942 | _cBK | ||
| 999 |
_c1469 _d1469 |
||